লোডিং...

Thamizh ilakkiya charithathil kavya kalam /

গ্রন্থ-পঞ্জীর বিবরন
প্রধান লেখক: Vaiyapuri Pillai, S.
ভাষা:Undetermined
প্রকাশিত: 1957
LEADER 00383nam a2200121Ia 4500
001 53908
008 170722s9999 xx 000 0 und d
100 |a Vaiyapuri Pillai, S. 
245 |a Thamizh ilakkiya charithathil kavya kalam / 
260 |c 1957 
942 |c GEN 
999 |c 21176  |d 21176 
952 |0 1  |1 0  |4 0  |6 O_311AG_J71  |7 0  |9 25038  |a LIB  |b LIB  |d 2017-08-12  |o O31,1A:g J71  |p 59789  |r 2017-08-12  |w 2017-08-12  |y GEN